|
|
|
|
| LEADER |
04035nam a2200505 a 4500 |
| 001 |
14444067 |
| 003 |
BD-DhAAL |
| 008 |
090729s2007 stka b 001 0 eng d |
| 010 |
|
|
|a \\2006045095
|
| 020 |
|
|
|a 9780443101083
|
| 020 |
|
|
|a 0443101086
|
| 020 |
|
|
|a 9780443101076 (International ed.)
|
| 020 |
|
|
|a 0443101078 (International ed.)
|
| 040 |
|
|
|a DNLM/DLC
|c DLC
|d BD-DhAAL
|
| 082 |
0 |
0 |
|a 615/.19
|2 22
|
| 245 |
0 |
0 |
|a Pharmaceutics :
|b the design and manufacture of medicines /
|c edited by Michael E. Aulton.
|
| 250 |
|
|
|a Third edition.
|
| 260 |
|
|
|a Edinburgh ;
|a New York :
|b Churchill Livingstone,
|c 2007.
|
| 300 |
|
|
|a x, 717 pages :
|b illustration ;
|c 25 cm.
|
| 504 |
|
|
|a Includes bibliographical references and index.
|
| 526 |
|
|
|x Mustak Ibn Ayub
Department of Mathematics and Natural Sciences
Course name and no. "not available"
|
| 541 |
1 |
|
|e 00018849
|
| 650 |
|
0 |
|a Drugs
|x Dosage forms.
|9 44113
|
| 650 |
|
0 |
|a Drugs
|x Design.
|9 44114
|
| 650 |
1 |
2 |
|a Dosage Forms.
|9 44115
|
| 650 |
2 |
2 |
|a Biopharmaceutics.
|9 44116
|
| 650 |
2 |
2 |
|a Drug Design.
|9 44117
|
| 650 |
2 |
2 |
|a Pharmacy.
|9 44118
|
| 700 |
1 |
|
|a Aulton, Michael E.
|9 44119
|
| 852 |
4 |
|
|a Ayesha Abed Library
|j General shelf
|
| 942 |
0 |
0 |
|0 1
|2 ddc
|c BK
|
| 999 |
|
|
|c 3769
|d 3769
|
| 952 |
|
|
|0 0
|1 0
|2 ddc
|4 0
|6 615_190000000000000_PHA_2007
|7 0
|9 3421
|a BRACUL
|b BRACUL
|c GEN
|d 2009-09-03
|e Parash Publishers
|g 1747.00
|l 11
|m 77
|o 615.19 PHA
|p 3010018849
|r 2023-07-31
|s 2023-07-31
|t 1
|w 2009-09-03
|y BK
|x Requisitioned by Mustak Ibn Ayub, Department of Mathematics and Natural Sciences, Course name and no. "not available"
|
| 952 |
|
|
|0 0
|1 0
|2 ddc
|4 0
|6 615_190000000000000_PHA_2007
|7 0
|9 10586
|a BRACUL
|b BRACUL
|c GEN
|d 2010-05-31
|e Parash Publishers
|g 1747.00
|l 10
|m 140
|o 615.19 PHA
|p 3010018848
|r 2023-10-08
|s 2023-02-28
|t 2
|w 2010-05-31
|y BK
|x Requisitioned by Mustak Ibn Ayub, Department of Mathematics and Natural Sciences, Course name and no. "not available"
|
| 952 |
|
|
|0 0
|1 0
|2 ddc
|4 0
|6 615_190000000000000_PHA_2007
|7 0
|9 10587
|a BRACUL
|b BRACUL
|c GEN
|d 2010-05-31
|e Parash Publishers
|g 1747.00
|l 10
|m 93
|o 615.19 PHA
|p 3010018847
|r 2020-02-20
|s 2020-02-09
|t 3
|w 2010-05-31
|y BK
|x Requisitioned by Mustak Ibn Ayub, Department of Mathematics and Natural Sciences, Course name and no. "not available"
|
| 952 |
|
|
|0 0
|1 0
|2 ddc
|4 0
|6 615_190000000000000_PHA
|7 0
|9 18078
|a BRACUL
|b BRACUL
|c GEN
|d 2011-09-19
|l 6
|m 101
|o 615.19 PHA
|p 3010023402
|r 2020-01-08
|s 2019-07-15
|t 4
|w 2011-09-19
|y BK
|
| 952 |
|
|
|0 0
|1 0
|2 ddc
|4 0
|6 615_190000000000000_PHA
|7 0
|9 18079
|a BRACUL
|b BRACUL
|c GEN
|d 2011-09-19
|l 9
|m 115
|o 615.19 PHA
|p 3010023403
|q 2026-05-19
|r 2026-02-17
|s 2026-02-17
|t 5
|w 2011-09-19
|y BK
|
| 952 |
|
|
|0 0
|1 0
|2 ddc
|4 0
|6 615_190000000000000_PHA
|7 0
|9 18080
|a BRACUL
|b BRACUL
|c GEN
|d 2011-09-19
|l 6
|m 73
|o 615.19 PHA
|p 3010023404
|r 2021-01-14
|s 2020-02-20
|t 6
|w 2011-09-19
|y BK
|
| 952 |
|
|
|0 0
|1 0
|2 ddc
|4 0
|6 615_190000000000000_PHA
|7 0
|9 18081
|a BRACUL
|b BRACUL
|c GEN
|d 2011-09-19
|l 11
|m 151
|o 615.19 PHA
|p 3010023405
|r 2022-12-22
|s 2022-11-30
|t 7
|w 2011-09-19
|y BK
|
| 952 |
|
|
|0 0
|1 0
|2 ddc
|4 0
|6 615_190000000000000_PHA
|7 0
|9 18082
|a BRACUL
|b BRACUL
|c GEN
|d 2011-09-19
|l 7
|m 96
|o 615.19 PHA
|p 3010023406
|r 2019-12-08
|s 2019-07-15
|t 8
|w 2011-09-19
|y BK
|
| 952 |
|
|
|0 0
|1 0
|2 ddc
|4 0
|6 615_190000000000000_PHA
|7 0
|9 21776
|a BRACUL
|b BRACUL
|c GEN
|d 2013-01-07
|e Trim Education
|g 2500.00
|l 8
|m 108
|o 615.19 PHA
|p 3010026486
|r 2019-11-06
|s 2019-08-19
|t 9
|w 2013-01-07
|y BK
|
| 952 |
|
|
|0 0
|1 0
|2 ddc
|4 0
|6 615_190000000000000_PHA
|7 0
|9 21777
|a BRACUL
|b BRACUL
|c GEN
|d 2013-01-07
|e Trim Education
|g 2500.00
|l 8
|m 102
|o 615.19 PHA
|p 3010026488
|r 2023-07-31
|s 2023-07-31
|t 10
|w 2013-01-07
|y BK
|
| 952 |
|
|
|0 0
|1 0
|2 ddc
|4 0
|6 615_190000000000000_PHA
|7 0
|9 21806
|a BRACUL
|b BRACUL
|c GEN
|d 2013-01-10
|e Trim Education
|l 6
|m 76
|o 615.19 PHA
|p 3010026487
|r 2019-12-01
|s 2019-07-10
|t 11
|w 2013-01-10
|y BK
|
| 952 |
|
|
|0 0
|1 0
|2 ddc
|4 0
|6 615_190000000000000_PHA
|7 0
|9 21807
|a BRACUL
|b BRACUL
|c GEN
|d 2013-01-10
|e Trim Education
|g 2500.00
|l 9
|m 112
|o 615.19 PHA
|p 3010026490
|r 2019-11-14
|s 2019-08-19
|t 12
|w 2013-01-10
|y BK
|
| 952 |
|
|
|0 0
|1 0
|2 ddc
|4 0
|6 615_190000000000000_PHA
|7 0
|9 21808
|a BRACUL
|b BRACUL
|c GEN
|d 2013-01-10
|e Trim Education
|g 2500.00
|l 8
|m 88
|o 615.19 PHA
|p 3010026489
|r 2020-03-16
|s 2020-01-12
|t 13
|w 2013-01-10
|y BK
|